Couples and family client education handout planner
Help educate your couples and families on a variety of mental health topics. The Couples and Family Client Education Handout Planner provides you with an array of ready-to-use handouts designed to educate your clients on a variety of issues and concerns related to their mental health and personal gr...
Shranjeno v:
| Glavni avtor: | |
|---|---|
| Format: | Knjiga |
| Jezik: | Undetermined |
| Izdano: |
Hoboken, N.J.
John Wiley
2003
|
| Teme: | |
| Oznake: |
Označite
Brez oznak, prvi označite!
|
| Thư viện lưu trữ: | Trung tâm Học liệu Trường Đại học Cần Thơ |
|---|
| LEADER | 01483nam a2200205Ia 4500 | ||
|---|---|---|---|
| 001 | CTU_214254 | ||
| 008 | 210402s9999 xx 000 0 und d | ||
| 082 | |a 616.89156 | ||
| 082 | |b G751 | ||
| 100 | |a Grand, Laurie Cope | ||
| 245 | 0 | |a Couples and family client education handout planner | |
| 245 | 0 | |c Laurie Cope Grand | |
| 260 | |a Hoboken, N.J. | ||
| 260 | |b John Wiley | ||
| 260 | |c 2003 | ||
| 520 | |a Help educate your couples and families on a variety of mental health topics. The Couples and Family Client Education Handout Planner provides you with an array of ready-to-use handouts designed to educate your clients on a variety of issues and concerns related to their mental health and personal growth. This easy-to-use sourcebook features: 62 fact-filled handouts on various psychological and emotional disorders and life skills techniques. Listings of resources where clients can go for reliable, in-depth information. Handouts that provide educational information on a wide variety of mental health issues affecting couples and families, including addiction, depression, parent/teen conflicts, financial stress, separation and divorce, and many others | ||
| 650 | |a Marital psychotherapy,Family psychotherapy,Mental health education,Tâm lý hôn nhân,Tâm lý gia đình,Giáo dục sức khỏe tinh thần | ||
| 650 | |x Planning,Planning,Kế hoạch,Kế hoạch | ||
| 904 | |i Tuyến | ||
| 980 | |a Trung tâm Học liệu Trường Đại học Cần Thơ | ||